Zastave suseda Srbije – iznenadna smrt - Statistics

General Stats
  • This quiz has been taken 88 times
  • The average score is 4 of 8
Answers on the Grid
Answers color-coded by a green-red scale on the quiz's grid according to % correct below.
 
Answer Stats
Answer % Correct
73%
60%
55%
50%
48%
45%
40%
30%
No matching quizzes found
Score Distribution
Percent of People with Each Score
Percentile by Number Answered
Your Score History
You have not taken this quiz